00402 2200157 4500245004900000020002200049250001000071100001900081700001700100005001900117260005700136041001400193084001000207300001800217336000900235 aSemarak Perang KetupatcViska YolensiahText a978-602-6477-43-9 aCet.1 aViska Yolensia aarya perkasa a20240926102559 aJakartabKementerian Pendidikan dan Kebudayaanc2019 aIndonesia a741.5 a49 hlm :cpdf atext